| 000 | 01021nam a22003377a 4500 | ||
|---|---|---|---|
| 001 | 0003514 | ||
| 003 | KOHA_MİRAKIL | ||
| 005 | 20260207001338.0 | ||
| 007 | ta | ||
| 008 | 090406b1982 tu |||gr||||#||||0|tur | | ||
| 040 |
_aTR-BiSEU _btur _cTR-BiSEU _erda |
||
| 041 | 0 | _atur | |
| 044 | _ctu | ||
| 050 |
_aQA303 _b.C65 1982 |
||
| 100 | 1 | _aÇoker, Doğan. | |
| 245 | 1 |
_aGenel matematik/ _cDoğan Çoker ; Doğan Çoker, Orhan Özer, Kenan Taş. |
|
| 264 | 1 |
_aİstanbul : _bAraştırma Eğitim Ekin Yayınları _c1982 |
|
| 300 | _a2 c. | ||
| 336 |
_ametin _btxt _2rdacontent |
||
| 337 |
_aaracısız _bn _2rdamedia |
||
| 338 |
_acilt _bnc _2rdacarrier |
||
| 490 | 1 |
_aMatematik-İstatistik dizisi ; _v4 Genel matematik ; _vc. |
|
| 490 | 1 | _a1 | |
| 650 | 0 |
_aHesap. _92068 |
|
| 650 | 0 |
_aHesap--Problemler alıştırmalar. _98563 |
|
| 650 | 0 |
_aMatematik. _91486 |
|
| 650 | 0 |
_aMathematics. _92070 |
|
| 830 | 1 |
_aMatematik-İstatistik dizisi ; _v4 Genel matematik ; _vc. _98564 |
|
| 830 | 1 |
_a1 _92570 |
|
| 942 |
_2lcc _cBK |
||
| 999 |
_c3498 _d3498 |
||